[Event "DV FR-chT"]
[Site "Vladivostok"]
[Date "2007.10.01"]
[Round "3"]
[White "Makarov, Sergey"]
[Black "Dudarev, Nikolai"]
[Result "1/2-1/2"]
[WhiteElo "2312"]
[BlackElo "2183"]
[PlyCount "69"]
[EventDate "2007.09.29"]
[EventType "team-tourn"]
[EventRounds "7"]
[EventCountry "RUS"]
[SourceTitle "EXT 2022"]
[Source "ChessBase"]
[SourceDate "2021.10.06"]
[SourceVersion "1"]
[SourceVersionDate "2021.10.06"]
[SourceQuality "1"]

1. d4 Nf6 2. c4 g6 3. Nc3 d5 4. cxd5 Nxd5 5. Bd2 Bg7 6. e4 Nb6 7. Be3 0-0 8. Be2 Nc6 9. d5 Ne5 10. Bd4 c6 11. f4 Ned7 12. Bxg7 Kxg7 13. dxc6 bxc6 14. Nf3 Nf6 15. Qxd8 Rxd8 16. 0-0 Bb7 17. Rac1 Rac8 18. Rfd1 Rxd1+ 19. Rxd1 c5 20. Bd3 Rd8 21. Rd2 Ne8 22. Kf2 Nc7 23. Bf1 Rxd2+ 24. Nxd2 Ne6 25. Nb3 f5 26. exf5 gxf5 27. g3 Kf6 28. Na5 Ba8 29. Nb5 a6 30. Na3 Nc7 31. N3c4 Nd7 32. Nb3 Bd5 33. Ke3 Bc6 34. a3 Bb5 35. Be2 1/2-1/2